Where in the UK? Quiz Stats

Quiz Updated Jan 6, 2015

Challenge
Share
Tweet
Embed
Score 0/40 Timer 08:00
2 Plays Today
% Correct
Manchester
91.8%
Aberdeen
85.9%
Reading
85.8%
Wolverhampton
85.4%
Lincoln
80.3%
Hereford
79.7%
Aberystwyth
79.5%
Derry/Londonderry
78.7%
Llandudno
73.4%
Falkirk
71.4%
Downpatrick
70.9%
Dunnamanagh
70.7%
Ballymena
70%
Stirling
68.4%
Penzance
65.3%
Perth
65%
Fort William
64.1%
St. David's
63.9%
Enniskillen
63.5%
Wrexham
63.2%
% Correct
Cardigan
62.5%
Holyhead
61.2%
Pembroke
60.9%
Port Talbot
59.7%
Stornoway
55.8%
Kilkeel
55.4%
Walton-on-the-Naze
55.3%
Campbeltown
53.4%
Kenilworth
52%
Lisburn
49.1%
Limavady
48.9%
Newry
44.9%
Kirkby Lonsdale
43%
Coldstream
41.6%
Newtownabbey
39.5%
Callander
38.7%
Lampeter
35.7%
Ullapool
35.5%
Usk
35.2%
Louth
26.7%

You're not logged in!

Compare scores with friends on all Sporcle quizzes.
Join for Free
OR
Log In

You Might Also Like...

Show Comments

Extras

Top Quizzes Today


Score Distribution

Your Account Isn't Verified!

In order to create a playlist on Sporcle, you need to verify the email address you used during registration. Go to your Sporcle Settings to finish the process.

Report this User

Report this user for behavior that violates our Community Guidelines.

Details: